000 01282nam a2200313 i 4500
003 EG-GICUC
005 20260310130810.0
008 260121s1964 ua j|||fr|||| 00| 0 ara d
040 _a EG-GICUC
_bara
_c EG-GICUC
_d EG-GICUC
_erda
041 0 _aAra
082 0 4 _221
_a343.76812
_bم ر . إ
092 0 4 _221
099 _aLaw1 10 343.76812 م ر . إ 1964
110 1 _aالمركز القومى للبحوث الإجتماعية والجنائية
_eمؤلف.
245 1 2 _aالإختبار القضائى :
_bنشأته وأسسه وتطبيقه /
_cتأليف المركز القومى للبحوث الإجتماعية والجنائية.
264 3 _aالقاهرة :
_bالهيئة العامة لشئون المطابع الأميرية.
_c1964.
300 _a144 صفحة :
_bجداول؛
_c24 سم.
336 _2rda content
_atext
337 _2rda media
_aComputer
338 _2rda carrier
_aOnline Resource
504 _aببليوجرافيا: صفحات128-131.
546 _aالنص باللغة العربية
650 1 _aالإختبار القضائى
_2qrmak
650 1 _aالقانون الجنائى
_2qrmak
651 1 _2qrmak
856 4 0 _uhttps://fll.law.cu.edu.eg/fulltext/bks/B10-07856.pdf
905 _a54
942 _2ddc
_cBK
_e21
_n0
999 _c58412
_d58412